| 000 | 02131cam a2200445 i 4500 | ||
|---|---|---|---|
| 001 | 16208695 | ||
| 003 | EG-ScBUE | ||
| 005 | 20240401104857.0 | ||
| 008 | 100429t2010 nyuab f b 001 0beng d | ||
| 020 | _a1400064163 | ||
| 020 | _a9781400064168 | ||
| 035 | _a(OCoLC)ocn613293334 | ||
| 040 |
_aDLC _beng _erda _cDLC _dIG# _dYDXCP _dUPZ _dDLC _dEG-ScBUE |
||
| 043 |
_an-us--- _ap------ |
||
| 082 | 0 | 4 |
_a940.547252092 _222 _bHIL |
| 100 | 1 |
_aHillenbrand, Laura, _eauthor. _924791 |
|
| 245 | 1 | 0 |
_aUnbroken : _bA World War II story of survival, resilience, and redemption / _cLaura Hillenbrand. |
| 250 | _aFirst edition. | ||
| 264 | 1 |
_aNew York : _bRandom House, _c[2010] |
|
| 264 | 4 | _cc2010 | |
| 300 |
_axviii, 473 pages : _billustrations, maps ; _c25 cm |
||
| 336 |
_2rdacontent _atext _btxt |
||
| 337 |
_aunmediated _2rdamedia _bn |
||
| 338 |
_avolume _bnc _2rdacarrier |
||
| 504 | _aIncludes bibliographical references and index. | ||
| 520 | _aOn a May afternoon in 1943, an Army Air Forces bomber crashed into the Pacific Ocean and disappeared, leaving only a spray of debris and a slick of oil, gasoline, and blood. Then, on the ocean surface, a face appeared--Lt. Louis Zamperini. Captured by the Japanese and driven to the limits of endurance, Zamperini would answer desperation with ingenuity; suffering with hope, resolve, and humor. | ||
| 600 | 1 | 7 |
_aZamperini, Louis, _d1917- _2BUEsh _924792 |
| 610 | 1 | 7 |
_aUnited States. _bArmy Air Forces. _bHeavy Bombardment Group, 307th. _2BUEsh _924793 |
| 650 | 7 |
_aWorld War, 1939-1945 _xPrisoners and prisons, Japanese. _2BUEsh _924794 |
|
| 650 | 7 |
_aPrisoners of war _zUnited States _vBiography. _2BUEsh _924795 |
|
| 650 | 7 |
_aPrisoners of war _zJapan _vBiography. _2BUEsh _924796 |
|
| 650 | 7 |
_aWorld War, 1939-1945 _xAerial operations, American. _2BUEsh _924797 |
|
| 650 | 7 |
_aWorld War, 1939-1945 _xCampaigns _zPacific Area. _2BUEsh _924798 |
|
| 650 | 7 |
_aLong-distance runners _zUnited States _vBiography. _2BUEsh _924799 |
|
| 653 |
_cJune2011 _dBestSellers |
||
| 655 | _vReading book | ||
| 942 |
_2ddc _cBB |
||
| 999 |
_c15565 _d15565 |
||